[Event "XXVII RUS-chT Premier 2020"]
[Site "Sochi"]
[Date "2020.11.23"]
[Round "5.1"]
[White "Goryachkina, Aleksandra"]
[Black "Vitiugov, Nikita"]
[Result "1/2-1/2"]
[WhiteElo "2592"]
[BlackElo "2722"]
[Annotator "TA"]
[PlyCount "65"]
[EventDate "2020.11.19"]
[EventType "team-tourn"]
[EventCountry "RUS"]
[SourceTitle "playchess.com"]
[Source "ChessBase"]
[SourceQuality "1"]

{[%evp 22,65,21,26,29,27,72,58,72,50,155,147,118,120,146,126,120,71,101,0,0,0,0,0,0,0,0,0,0,0,0,0,0,0,0,0,0,0,0,0,0,0,0,-1,0,0]} 1. d4 Nf6 2. c4 g6 3. Nc3 Bg7 4. e4 d6 5. Nf3 O-O 6. Be2 e5 7. Be3 exd4 8. Nxd4 Re8 9. f3 c6 10. O-O d5 11. cxd5 cxd5 12. Qb3 Nc6 {[%cal Rd5e4] E94: King's Indian: Classical: 6 Be2 e5 7 0-0: Various Black 7th moves.} 13. Rad1 Na5 14. Qa3 {[#]} Bd7 $146 {[%cal Rd5e4] White is slightly better.} ({Predecessor:} 14... Bf8 15. b4 Nc6 16. Nxc6 bxc6 17. Bc5 Bxc5+ 18. bxc5 Qe7 19. Bd3 Be6 20. Rfe1 Rac8 21. Bc2 Nh5 22. exd5 cxd5 23. Nxd5 Qxc5+ 24. Qxc5 Rxc5 25. Bb3 Kg7 26. g4 {½-½ (26) Saiyn,Z (2381)-Slovak,K (2101) Prague 2017}) 15. Ndb5 ({Reject} 15. Nxd5 Nxd5 16. exd5 Qe7 $11) 15... dxe4 (15... Bf8 $1 $14 16. Bc5 a6) 16. Nxe4 ({Don't go for} 16. Bxa7 $2 Nc6 $19) 16... Nxe4 17. fxe4 Rxe4 {[#]} 18. Rxf7 $1 {[%mdl 512]} Bf8 (18... Kxf7 19. Nd6+) 19. Qd3 Bc6 {[#]} 20. Qxd8 ({White should try} 20. Qc3 $1 $16 Qh4 21. Rdf1) 20... Rxd8 $11 {The position is equal.} 21. Rxd8 {[%csl Gf7][%cal Rd8f8]} Kxf7 22. Kf2 Nc4 23. Bxc4+ (23. Nc3 {looks sharper.} Rh4 24. Bxa7 Nxb2 25. Kg3 g5 26. Nb5) 23... Rxc4 24. Nd6+ Bxd6 25. Rxd6 {[%mdl 4096] Endgame KRB-KRB} Rc2+ 26. Rd2 Rxd2+ 27. Bxd2 {KB-KB} a6 28. a3 Bd5 29. Bc3 Bc6 30. Bd2 Bd5 31. Bc3 Bc6 32. Bd2 Bd5 33. Bc3 {Weighted Error Value: White=0.12/Black=0.12} 1/2-1/2

[Event "XXVII RUS-chT Premier 2020"]
[Site "Sochi"]
[Date "2020.11.23"]
[Round "5.2"]
[White "Matlakov, Maxim"]
[Black "Kobalia, Mikhail"]
[Result "1/2-1/2"]
[WhiteElo "2685"]
[BlackElo "2590"]
[Annotator "TA"]
[PlyCount "81"]
[EventDate "2020.11.19"]
[EventType "team-tourn"]
[EventCountry "RUS"]
[SourceTitle "playchess.com"]
[Source "ChessBase"]
[SourceQuality "1"]

{[%evp 9,81,14,40,14,7,13,44,37,66,66,66,63,65,64,64,47,74,75,72,68,82,38,85,51,72,67,89,83,100,94,102,87,108,30,69,26,32,6,51,51,47,47,43,52,55,30,37,29,63,44,69,69,69,69,68,68,63,66,62,64,64,47,49,15,22,15,18,0,0,0,0,0,2,0]} 1. d4 d5 2. c4 c6 3. Nf3 Nf6 4. g3 Bg4 5. Ne5 Bf5 6. Qb3 {D11: Slav Defence: 3 Nf3 sidelines and 3...Nf6 4 e3 Bg4.} Qb6 7. cxd5 cxd5 8. Nc3 {e4 is the strong threat.White is slightly better.} Nc6 9. Qxb6 axb6 10. e3 Bd7 {[#]} 11. Nb5 $5 $146 {[%mdl 8] New and interesting.} ({Predecessor:} 11. Nxd7 Kxd7 12. Bd2 e6 13. Rc1 Bd6 14. Bd3 Rhc8 15. Ke2 Ke7 16. h3 h6 17. g4 {½-½ (79) Melkumyan,H (2668)-Kryakvin,D (2596) Moscow 2019}) 11... Rc8 12. f3 h5 13. Bd2 g6 14. Be2 Bg7 15. Kf2 Ng8 16. Bc3 Bh3 17. Rac1 Nh6 18. Nd3 g5 19. Nb4 Be6 20. Bd2 g4 {[#]} 21. f4 (21. h3 $1 $16) 21... Nf5 22. a3 h4 23. Bxg4 {aiming for Bf3.} Nfxd4 24. Bxe6 ({But not} 24. Nxd4 Bxg4 25. Nbxc6 bxc6 $15) 24... Nxe6 25. Nxd5 Rd8 26. Ndc7+ Nxc7 27. Nxc7+ Kf8 28. Bc3 Bxc3 29. bxc3 Rh5 {[#] Hoping for ...Rc8.} 30. Rhd1 hxg3+ 31. hxg3 Rxd1 32. Rxd1 $14 {[%mdl 4096] Endgame KRN-KRN} Ra5 33. Rd7 Rxa3 34. Nd5 e6 35. Nf6 Rxc3 36. Rxb7 Na5 {The position is equal.} 37. Rb8+ Ke7 38. Ne4 Rc2+ 39. Kf3 f5 40. Ng5 Nc4 41. e4 {Weighted Error Value: White=0.13/Black=0.09} 1/2-1/2

[Event "XXVII RUS-chT Premier 2020"]
[Site "Sochi"]
[Date "2020.11.23"]
[Round "5.3"]
[White "Demidov, Mikhail"]
[Black "Fedoseev, Vladimir"]
[Result "0-1"]
[WhiteElo "2526"]
[BlackElo "2676"]
[Annotator "TA"]
[PlyCount "77"]
[EventDate "2020.11.19"]
[EventType "team-tourn"]
[EventCountry "RUS"]
[SourceTitle "playchess.com"]
[Source "ChessBase"]
[SourceQuality "1"]

{[%evp 9,77,-59,-49,-54,-47,-60,-56,-64,-65,-81,-74,-95,-58,-81,-29,-26,-34,-17,-24,-24,-12,-20,0,-4,-11,-41,-27,-23,-16,-20,-12,-27,-27,-34,-34,-34,-34,-34,-34,-34,-34,-64,-18,-45,-42,-81,-11,-21,-28,-40,-22,-78,0,0,0,0,0,0,142,0,0,0,0,0,0,-29995,-29996,-29996,-29997,-29999]} 1. Nf3 d5 2. c4 d4 3. e4 Nc6 4. d3 e5 5. Be2 Bd6 {[#]} 6. O-O $146 {A09: Réti Opening: 1 Nf3 d5 2 c4.} ({Predecessor:} 6. Nbd2 a5 7. Nf1 Nge7 8. Ng3 O-O 9. O-O Ng6 10. Nf5 Bxf5 11. exf5 Nf4 12. g3 Nxe2+ 13. Qxe2 {½-½ (50) Villegas,B-Castillo Larenas,M Mar del Plata 1936}) 6... Nge7 7. Ne1 O-O 8. Nd2 {Black is slightly better.} a5 9. b3 {[#]} a4 $1 {[%mdl 512]} 10. bxa4 Bd7 11. Nb3 Na5 ({Don't go for} 11... Rxa4 $2 12. c5 $18) (11... Ng6 $17) 12. c5 $11 Nxb3 13. axb3 Bxc5 14. Bg4 Bd6 15. Bg5 b5 16. Bxd7 Qxd7 17. Bxe7 Qxe7 18. Nf3 Bb4 19. axb5 Rab8 20. Qc2 Bc3 21. Ra4 Rxb5 22. Qa2 g6 23. Rb1 Kg7 24. h3 Rfb8 25. Ra7 f6 26. Kh2 Qc5 27. Qa4 Kh6 (27... Ba5 $17 28. Ra6 Bb4) 28. h4 Bb4 29. Qa2 Kg7 30. Ra8 (30. h5 $11 {remains equal.}) 30... Rxa8 (30... Qc3 $17 31. Rxb8 Rxb8) 31. Qxa8 Ra5 32. Qc8 Ra2 33. h5 Rxf2 (33... Qc6 $1 $11 {keeps the balance.}) 34. Kg3 (34. hxg6 $16 {Threatens to win with Rh1.} hxg6 35. Rh1) 34... Qc2 35. Qd7+ {[#]} Kh6 $1 36. Rg1 {hxg6 would kill now.} Bd2 ({Not} 36... gxh5 $2 37. Qf7 $18) 37. Kxf2 $4 {[%mdl 8192]} (37. hxg6 $11 Bf4+ 38. Kh4 Kxg6 39. Qf5+ Kg7 40. Qd7+ Kg6 41. Qf5+ Kg7 42. Qd7+ Kg6) 37... Bf4+ 38. Kf1 Bg3 {[%cal Rc2d3]} 39. Rh1 {Weighted Error Value: White=0.37/Black=0.22} 0-1

[Event "XXVII RUS-chT Premier 2020"]
[Site "Sochi"]
[Date "2020.11.23"]
[Round "5.4"]
[White "Sakaev, Konstantin"]
[Black "Murzin, Volodar"]
[Result "1-0"]
[WhiteElo "2612"]
[BlackElo "2470"]
[Annotator "TA"]
[PlyCount "69"]
[EventDate "2020.11.19"]
[EventType "team-tourn"]
[EventCountry "RUS"]
[SourceTitle "playchess.com"]
[Source "ChessBase"]
[SourceQuality "1"]

{[%evp 19,69,22,28,25,26,38,75,71,80,70,85,82,70,70,69,71,71,71,60,60,87,83,61,71,69,86,97,39,95,35,33,27,31,32,317,315,579,565,531,136,135,135,140,113,115,122,98,97,97,97,288,271]} 1. d4 Nf6 2. c4 g6 3. Nc3 Bg7 4. e4 O-O 5. Nf3 d6 6. Be2 e5 7. O-O Nc6 8. d5 Ne7 9. b4 Nh5 10. c5 f5 11. a4 {E97: King's Indian: Classical Main Line (6...e5 7 0-0 Nc6): 8 Be3 and 8 d5 Ne7, not 9 Ne1.} Nf4 {has lost popularity (11...Nf6).} 12. Bc4 Kh8 {[#]} 13. Bxf4 $5 $146 {[%mdl 8] White is better. New and interesting.} ({Predecessor:} 13. Ra3 a5 14. b5 fxe4 15. Nxe4 dxc5 16. Re1 b6 17. d6 Nf5 18. Bxf4 exf4 19. Rd3 cxd6 20. Nxd6 Nxd6 21. Rxd6 {1-0 (30) Inarkiev,E (2693)-Iljiushenok,I (2520) Konya 2019}) 13... exf4 14. Rc1 h6 15. Re1 fxe4 16. Nxe4 Bg4 17. h3 Bh5 18. Qd3 {Hoping for Nd4.} Nf5 19. Ned2 Re8 20. Re4 Rxe4 21. Qxe4 a5 22. bxa5 (22. Bd3 {with more complications.} axb4 23. Qxb4 dxc5 24. Qxb7 Nd6 25. Qb3) 22... dxc5 23. Qxf4 (23. Bd3 $16) 23... Nd6 ({Better is} 23... Bxf3 $14 24. Nxf3 Rxa5) 24. Qe3 (24. Bd3 $16) 24... Bxf3 $14 25. Nxf3 {[%cal Bd2f3,Bf3e5,Be5g6,Bg6f4,Bf4e6][%mdl 32]} Rxa5 26. Bd3 b6 $2 {[%mdl 8192]} (26... Qe8 $14) 27. Ne5 $18 ({Less strong is} 27. Bxg6 Qf6 $14) 27... Qf6 $2 (27... Bxe5 {was called for.} 28. Qxe5+ Kh7) 28. Nxg6+ Kg8 {[#]} 29. Bc2 $2 (29. Rc4 $1 $18 {[%cal Rc4f4][%mdl 512] Threatens to win with Rf4.} Ra8 (29... Nxc4 30. Qe8+) 30. Ne7+ Kh8 31. Rf4) 29... Ra8 $16 30. Nf4 Qe5 31. Qxe5 Bxe5 32. Ne6 Ne8 33. Re1 Bd6 34. Bb3 Nf6 $2 {[#]} (34... Kh8 $16) 35. Nxc7 $1 {[%mdl 512] Weighted Error Value: White=0.26/Black=0.40} 1-0

[Event "XXVII RUS-chT Premier 2020"]
[Site "Sochi"]
[Date "2020.11.23"]
[Round "5.5"]
[White "Belyakov, Bogdan"]
[Black "Khairullin, Ildar"]
[Result "0-1"]
[WhiteElo "2450"]
[BlackElo "2618"]
[Annotator "TA"]
[PlyCount "108"]
[EventDate "2020.11.19"]
[EventType "team-tourn"]
[EventCountry "RUS"]
[SourceTitle "playchess.com"]
[Source "ChessBase"]
[SourceQuality "1"]

{[%evp 9,108,29,27,-14,-15,-18,-19,-8,-6,-39,-15,-31,-17,-25,-15,-46,-23,-50,-30,-50,-50,-62,-74,-72,-107,-90,-70,-160,-160,-157,-149,-156,-143,-225,-226,-489,-513,-458,-343,-668,-667,-666,-642,-608,-419,-427,-409,-418,-415,-387,-381,-375,-375,-409,-393,-480,-477,-510,-493,-616,-628,-519,-414,-626,-622,-577,-576,-638,-646,-638,-624,-633,-610,-29975,-29976,-29977,-29977,-29976,-29978,-29983,-29984,-29984,-921,-966,-921,-1622,-1633,-1485,-1414,-29959,-29963,-29968,-29970,-29971,-29969,-29969,-29971,-29975,-29976,-29971,-29962]} 1. e4 c5 2. c3 d5 3. exd5 Qxd5 4. d4 Nf6 5. Nf3 Nc6 6. Nbd2 {B22: Sicilian: 2 c3.} cxd4 7. Bc4 Qd8 8. cxd4 {The position is equal.} e6 9. Nb1 Be7 10. O-O O-O 11. Nc3 {[#]} a6 $146 ({Predecessor:} 11... b6 12. Be3 Bb7 13. Rc1 Rc8 14. Qe2 Nb4 15. Ne5 Nfd5 16. Qg4 Bf6 17. Bd2 Nxc3 18. Bxc3 Rxc4 19. Nxc4 Nxa2 {0-1 (29) Rattay,W-Kriksciunas,B IECG email 2003}) 12. Bb3 Na5 13. Bc2 b5 14. Qd3 Bb7 15. Ng5 {[%cal Rg5h7]} g6 $1 16. a3 Qb6 17. Rd1 Rad8 18. Qh3 (18. Nf3 $15) 18... Rxd4 $17 19. Be3 Rxd1+ 20. Rxd1 Qc7 21. Rd4 (21. Re1 $17 Nc4 22. Bc1) 21... Nc4 $19 22. Rh4 $2 (22. Bxg6 {was worth a try.} fxg6 23. Nxe6) 22... Nxe3 23. fxe3 {[%cal Rh4h7]} h5 {Hoping for ...Qe5.} 24. Nxe6 $2 (24. Bxg6 fxg6 25. Nxe6) 24... fxe6 25. Bxg6 Qe5 26. Bxh5 Bc5 27. Nd1 Rd8 28. Be2 {Threatens to win with Rh8+.} Kf7 29. Kf1 Qf5+ 30. Qxf5 exf5 31. a4 b4 32. Rc4 Ne4 33. Ke1 Ke6 34. Bf3 {next Bxe4 is good for White.} Bd5 35. Rc1 {and if Bxe4 works, White does fine.} Bb6 36. g4 (36. a5 $142 Bxa5 37. Ra1) 36... fxg4 37. Bxg4+ Ke5 38. Bf3 a5 39. Rc2 Rg8 40. Ke2 Rf8 41. Rc1 {[#]} Ng3+ $1 {[%mdl 512]} 42. hxg3 Bxf3+ 43. Ke1 Rd8 44. Nf2 Bxe3 45. Rc7 Kd4 (45... Ke6 $142 46. Rc4 {[#]} Rd2 $1 {[%mdl 576] Double Attack} 47. Rc8 Re2+ 48. Kf1 Rxf2+ 49. Ke1 Re2+ 50. Kf1 Ke5 51. Re8+ Kd4 52. Rf8 Ke4 53. Re8+ Kd3 54. Rd8+ Bd4 55. Rxd4+ Kxd4 56. g4 Ke3 57. Kg1 Re1+ 58. Kh2 Kf2 59. Kh3 Rh1#) 46. Ra7 Rd5 47. Rf7 Bxf2+ 48. Kxf2 {[%mdl 4096] Endgame KRB-KR} Bd1 49. Rg7 Kc4 {Black mates.} 50. g4 Kb3 51. g5 Kxb2 52. g6 Bxa4 53. Ra7 Bb3 54. g7 Rg5 {Weighted Error Value: White=0.76/Black=0.22} 0-1

[Event "XXVII RUS-chT Premier 2020"]
[Site "Sochi"]
[Date "2020.11.23"]
[Round "5.6"]
[White "Shimanov, Aleksandr"]
[Black "Savitskiy, Sergey"]
[Result "1-0"]
[WhiteElo "2593"]
[BlackElo "2451"]
[Annotator "TA"]
[PlyCount "75"]
[EventDate "2020.11.19"]
[EventType "team-tourn"]
[EventCountry "RUS"]
[SourceTitle "playchess.com"]
[Source "ChessBase"]
[SourceQuality "1"]

{[%evp 13,75,0,0,-6,0,0,0,-10,0,-8,-6,-10,-7,-7,-4,-39,12,17,27,15,50,50,88,109,117,114,143,140,200,125,134,129,130,123,189,168,209,130,168,162,195,192,197,197,190,190,272,251,297,290,559,557,794,790,804,778,845,333,29987,29987,29987,29983,29945,2157]} 1. d4 Nf6 2. g3 d5 3. Bg2 Bf5 4. c4 e6 5. Nf3 c6 6. O-O Nbd7 7. cxd5 exd5 8. Qb3 {D11: Slav Defence: 3 Nf3 sidelines and 3...Nf6 4 e3 Bg4.} Qb6 9. Qe3+ Be7 10. Nc3 {The position is equal.} Qd8 11. Nh4 Be6 12. Qd3 O-O 13. Nf5 Bb4 {[#]} 14. Bf4 $146 ({Predecessor:} 14. a3 Bxc3 15. bxc3 Nb6 16. Ne3 Qd7 17. Re1 Rfe8 18. a4 Ng4 19. Nd1 Bf5 20. Qd2 Nc4 21. Qa2 Nf6 22. f3 {½-½ (67) Lybin,D (2489)-Tazelaar,H (2373) ICCF email 2017}) 14... Ne4 (14... Nb6 $15) 15. Bxe4 $11 dxe4 16. Qxe4 Qa5 17. Nd6 Bxc3 18. bxc3 Qxc3 19. Rfc1 Qa5 20. Nxb7 Qh5 (20... Qa6 $16 {was worth a try.}) 21. Nd6 (21. Rxc6 Bd5 $11) (21. Qxc6 $6 Qxe2 22. Re1 Qb2 $16) 21... Bd5 22. Qd3 {And now e4 would win.} ({But not} 22. Qf5 $6 Qxe2 23. Bg5 (23. Qxd7 Rfd8 $15) 23... g6 $11) 22... f5 23. f3 Rf6 (23... g5 $16 24. Be5 g4) 24. h4 $36 {[%mdl 2048] Black is under strong pressure.} h6 25. Kg2 Raf8 26. Nc4 $1 Re6 {[#]} 27. Rab1 $1 Rfe8 28. Ne5 Nxe5 29. Bxe5 f4 {[#]} (29... R6e7 $142 30. a4 Rf7) 30. Rb7 $1 $18 {[%mdl 64] Double Attack} Rxe5 31. dxe5 Rxe5 $2 (31... Qxe5 {was called for.} 32. Rc2 (32. Rxa7 Qxe2+ 33. Qxe2 Rxe2+ 34. Kh3 Be6+ 35. g4 Bd5 $18) 32... Qh5) 32. Rb8+ Kf7 {intending ...Re3.} 33. Rc4 Bxc4 34. Qxc4+ {[%mdl 64] Double Attack} Ke7 35. Rb7+ $2 (35. g4 Qg6 36. Qg8) 35... Kd6 $2 (35... Kf8 $18 36. Qxf4+ Qf5) 36. Qd4+ {White mates.} Rd5 37. Qxf4+ Ke6 38. Rxg7 {Weighted Error Value: White=0.24/Black=0.63} (38. Qf8 $142 Rd7 {[#]} 39. Qc8 $1 {[%mdl 576] Double Attack} Qd5 40. Qe8+ Kf6 41. Rxd7 Qxd7 42. Qxd7 h5 43. f4) 1-0

[Event "XXVII RUS-chT Premier 2020"]
[Site "Sochi"]
[Date "2020.11.23"]
[Round "5.7"]
[White "Lobanov, Sergei"]
[Black "Iljiushenok, Ilia"]
[Result "1/2-1/2"]
[WhiteElo "2522"]
[BlackElo "2539"]
[Annotator "TA"]
[PlyCount "130"]
[EventDate "2020.11.19"]
[EventType "team-tourn"]
[EventCountry "RUS"]
[SourceTitle "playchess.com"]
[Source "ChessBase"]
[SourceQuality "1"]

{[%evp 15,130,20,32,22,64,61,81,79,74,76,85,73,77,76,92,75,74,29,35,40,89,0,33,36,27,22,33,24,18,27,55,55,74,48,94,95,93,86,108,94,109,86,100,86,92,88,97,81,156,141,178,170,218,224,220,0,269,272,272,218,218,218,212,200,198,131,131,131,131,131,131,131,159,159,159,159,159,159,195,159,159,159,159,139,295,250,244,245,295,295,289,282,272,0,250,159,249,24,24,24,24,0,0,0,24,24,24,0,0,0,0,0,20,20,20,20,20]} 1. e4 c5 2. Nf3 d6 3. d4 cxd4 4. Nxd4 Nf6 5. Nc3 a6 6. Bg5 Nbd7 7. Bc4 Qa5 8. Qd2 e6 9. f3 {B94: Sicilian Najdorf: 6 Bg5 Nbd7.} Be7 10. O-O-O O-O 11. Kb1 {White is better.} Qc7 12. Bxe6 $1 fxe6 13. Nxe6 {[%mdl 64] [#] Double Attack} Qc6 $146 ({Predecessor:} 13... Qc4 14. Nxf8 Bxf8 15. b3 Qf7 16. Rhe1 b5 17. Bf4 Ne5 18. Qd4 Bb7 19. Be3 Rc8 {0-1 (76) Vasquez Schroder,R (2441)-Korobov,A (2687) Chess.com INT 2020}) 14. Nxf8 Bxf8 15. Rhe1 b5 16. Nd5 Nxd5 17. exd5 Qb6 18. Be7 ({Better is} 18. Re8 $16 Bb7 19. Rxa8 Bxa8 20. Qe2) 18... Bb7 (18... Ne5 $5 {[%cal Rf8e7]} 19. Bxf8 Kxf8 $14) 19. Bxf8 Rxf8 20. Re7 $40 {[%mdl 128] White is up to no good.} Nf6 21. Qd4 Qxd4 22. Rxd4 Bxd5 23. b3 Rc8 24. a4 {[%mdl 1024] White has strong compensation.} Kf8 25. Ra7 Rc6 26. Rb4 Bf7 {next ...Bg6 is good for Black.} 27. axb5 axb5 28. Rxb5 Bg6 29. Rb8+ Ne8 30. Ra2 Ke7 31. Kc1 d5 (31... Ke6 $142) 32. b4 $16 {[%cal Bb3b4,Bb4b5][%mdl 32]} Nd6 33. b5 Rc5 34. b6 {Threatens to win with b7.} Kd7 35. Ra7+ $2 (35. h4 $1 $18) 35... Kc6 $2 {[%mdl 8192]} (35... Ke6 $11 {and Black has nothing to worry.}) 36. Rc7+ $18 Kb5 37. Rxc5+ Kxc5 38. b7 {Black must now prevent Rc8+.} Kc6 39. Rg8 Nxb7 {[#]} 40. Rxg7 (40. g4 $1 $18) 40... Nc5 $16 41. h4 Ne6 42. Ra7 Kd6 43. Kd2 Ke5 44. c3 h5 45. Ke3 Bc2 46. Rb7 Nd8 47. Rg7 {Strongly threatening Rg5+.} Ne6 48. Rg8 Kf6 49. Rb8 Ba4 $2 (49... Bg6 $16 {was worth a try.} 50. Rb5 Ke5) 50. g4 $18 hxg4 51. fxg4 Bd1 {[#]} 52. Rb4 $1 Ke5 53. Kd2 Bf3 {Black hopes to continue with ...d4.} 54. Ke3 Bd1 $1 55. Kd3 Bf3 (55... Nf4+ $16 56. Ke3 Nh3) 56. Kd2 $2 (56. h5 $18) 56... d4 $1 $11 57. cxd4+ Nxd4 58. Kd3 Be4+ 59. Kd2 {h5 is the strong threat.} Bf3 60. g5 Bh5 61. Kd3 Bg6+ {The position is equal.} 62. Kc4 Nf3 63. Kc5 Kf5 64. Kd6 Nxh4 {[%mdl 64] Remove Defender} 65. Rxh4 Kxg5 {White really could win this.  Weighted Error Value: White=0.26/Black=0.23} 1/2-1/2

[Event "XXVII RUS-chT Premier 2020"]
[Site "Sochi"]
[Date "2020.11.23"]
[Round "5.8"]
[White "Bykov, Oleg"]
[Black "Shubin, Kirill"]
[Result "0-1"]
[WhiteElo "2362"]
[BlackElo "2441"]
[Annotator "TA"]
[PlyCount "190"]
[EventDate "2020.11.19"]
[EventType "team-tourn"]
[EventCountry "RUS"]
[SourceTitle "playchess.com"]
[Source "ChessBase"]
[SourceQuality "1"]

{[%evp 10,190,19,15,41,20,23,21,41,21,31,8,12,16,33,11,54,25,35,40,43,39,80,76,88,75,88,-14,-13,-29,-12,-50,-29,-31,-33,-33,-33,-33,-25,-29,12,19,33,-61,-45,-165,-171,-149,-18,-130,-108,-113,-118,-127,-100,-98,-95,-106,-89,-102,-89,-92,-85,-101,-92,-91,-91,-97,-92,-125,-125,-125,-125,-125,-125,-125,-105,-145,-113,-225,-210,-270,-270,-240,-186,-242,-242,-340,-339,-296,-154,-166,-165,-202,-76,-285,-255,-172,-146,-159,-166,-207,-237,-2188,-2159,-5468,-5461,-5461,-991,-29954,-29956,-29960,0,-29939,-12847,-6095,-9991,-6099,-5487,-5486,-5486,-5483,-5475,-5475,-5475,-5475,-5461,-5461,-5461,-5461,-5454,-5461,-5461,-5461,-5461,-5468,-5461,-5461,-5461,-5461,-3649,-5461,-5461,-5461,-5461,-5468,-5461,-5461,-5461,-5461,-5461,-5461,-5461,-5461,-5461,-5454,-5454,-5454,0,-5454,-5454,-5454,-5454,-5454,-5454,-5454,0,-1946,0,-5454,-5454,-5446,-5446,-5446,-4836,-5446,-2243,-29983,-29984,-29985,-29986,-29986,-29987]} 1. d4 e6 2. c4 Nf6 3. Nf3 Bb4+ 4. Nbd2 O-O 5. a3 Be7 6. e4 d6 {E11: Bogo-Indian.} 7. Be2 Nbd7 8. Qc2 {8.Qc2 is better than 8.0-0.} c5 {The position is equal.} 9. d5 Nh5 {[#]} 10. Nf1 $146 ({Predecessor:} 10. g3 exd5 11. cxd5 Nb6 12. a4 Bh3 13. Bf1 Bxf1 14. Nxf1 f5 15. exf5 Nxd5 16. Qc4 {1-0 (62) Bosiocic,M (2599)-Shubin,K (2334) Skopje 2018}) 10... exd5 11. cxd5 Nb6 12. Ng1 Nf6 13. Ng3 Re8 14. Nf3 Bf8 15. O-O g6 16. h3 Bg7 17. Bf4 h6 18. Nd2 (18. Bd3 $16) 18... Nfxd5 $11 19. exd5 Nxd5 20. Be3 Nxe3 21. fxe3 Rxe3 22. Rf3 Rxf3 23. Nxf3 Be6 24. Rd1 Qc7 25. Ne4 Rd8 26. Kh1 (26. Nd4 $14) 26... b6 $15 27. Nd4 (27. Nc3 $15) 27... Bxd4 $19 28. Rxd4 d5 (28... Qe7 $1 $17 29. Ra4 d5) 29. Nd2 (29. Nf6+ $11 Kg7 30. Ng4) 29... Qe7 30. Rf4 Bxh3 $1 31. Bd3 {[#]} Qg5 $1 {[%csl Gh3][%cal Rg5g2]} 32. Rf2 Bg4 33. Nf3 Bxf3 34. Rxf3 Re8 35. Qf2 Re7 36. b3 Kg7 37. a4 Qe5 38. Kg1 h5 39. Bb5 f5 40. Qh4 Qe1+ 41. Qxe1 Rxe1+ $17 {[%mdl 4096] Endgame KRB-KR} 42. Kf2 Re5 43. a5 Kf6 ({Don't do} 43... bxa5 44. Rc3 $15) 44. b4 (44. Rh3 $17) 44... c4 $19 ({Resist} 44... cxb4 45. axb6 axb6 46. Bc6 $17) 45. axb6 axb6 46. Ra3 Re6 47. Ra8 (47. Bd7 {was necessary.} Re7 48. Bb5) 47... Ke5 48. Ke3 (48. Ra1 {keeps fighting.}) 48... f4+ 49. Kd2 Rf6 (49... Kd4 $19 50. Rg8 h4) 50. Rg8 $17 Kd4 51. Be8 c3+ (51... h4 $19 {has better winning chances. Threatens to win with ...f3.} 52. Bxg6 f3 53. gxf3 Rxf3) 52. Kd1 $2 (52. Kc2 $17) 52... f3 53. gxf3 Rxf3 54. Rxg6 Kc4 $1 55. Rxb6 Kb3 $1 {aiming for ...c2+.} 56. Rc6 $2 (56. Bg6 h4 57. Ke2) 56... d4 $1 $19 57. Bxh5 Rh3 $1 {[%cal Rh3h5]} 58. Bg4 {[#]} Rg3 $1 59. Bf5 {[#]} d3 $1 {[%cal Rg3g1]} 60. Ke1 Rg1+ 61. Kf2 {Cut Off at move 61} d2 62. Kxg1 d1=Q+ {KQ-KRB} 63. Kf2 Kxb4 64. Be4 Qd4+ 65. Kf3 Ka3 66. Kf4 Kb2 67. Kf3 Kc1 68. Rg6 Qd1+ 69. Ke3 Qe1+ 70. Kf3 Qf1+ 71. Ke3 Kb2 72. Rc6 Kb3 73. Rb6+ Ka3 74. Rc6 Qe1+ 75. Kf3 Kb4 76. Kf4 Qf1+ 77. Ke3 Qg1+ 78. Kd3 Qg3+ 79. Kd4 Qg7+ 80. Ke3 Qa7+ 81. Kd3 Qd7+ 82. Ke3 Qd8 83. Kf4 Qd4 84. Kf3 $1 Kb3 85. Kf4 Qd7 86. Ke3 Qd2+ 87. Kf3 Qd4 (87... Qc1 $142 88. Rb6+ Kc4) 88. Kf4 $1 Kb2 (88... Ka2 $142 89. Rc8 Qd6+ 90. Kf3 Qf6+ 91. Ke3 Qb6+ 92. Kf4 Qa6) 89. Kf3 $1 Qd7 90. Rb6+ Ka3 91. Ra6+ Kb4 92. Rb6+ Kc5 (92... Kc4 $142 93. Rh6 Qd1+ 94. Kg3 Qd2) 93. Rg6 Kd4 {Black mates.} 94. Bc2 Qh3+ 95. Kf2 Qe3+ {Weighted Error Value: White=0.66/Black=0.24} 0-1